00972cam a2200277Mi 4500001001300000005001700013008004100030020001800071020001500089024001800104035002200122040004400144041000800188100001700196245014000213260006100353300001800414490001700432500006000449650002400509650005500533650003200588650002600620650001600646700003200662on105559800120181210082726.0181210t2018 fr g b 001 0 fre d a9782810906666 z281090666130a9782810906666 a(OCoLC)1055598001 aCo-BoUCMbspacSaul NiñodSaul Niño0 afre1 aPuaud, David13aLe spectre de la radicalisationbl'administration sociale en temps de menace terroristecDavid Puaud ; préface de Farhad Khosrokhavar aFranciabPresses de l'ecole hautes etudes en Santec2018 a242 páginas0 aControverses aEHESP = École des hautes études en santé publique 7aViolencia zFrancia 7aFundamentalismo islámico xPrevenciónzFrancia 7aTerrorismo zFranciay1990- 0aJihadzFranciay1990- 7aTerrorismo 1 aKhosrokhavar, Farhadd1948-